00342nam a2200145Ia 4500008004100000082001300041100001300054245003500067250000800102260002700110300000800137500002400145650001200169700001500181230524s9999 xx 000 0 und d a539bMAN aH.S.Mani 0aIntroduction to Modern Physics a1ST aNEW DELHIbAEW Pc2003 a443 aQuantity Number: 3 aPhysics a G.K.Mehta